International trade policy in textiles: fifty years of protectionism (Record no. 492893)

000 -LEADER
fixed length control field 00487cam a22001457a 4500
008 - FIXED-LENGTH DATA ELEMENTS--GENERAL INFORMATION
fixed length control field 180718b2001 xxu||||| |||| 00| 0 eng d
082 ## - DEWEY DECIMAL CLASSIFICATION NUMBER
Classification number T212 B146
100 ## - MAIN ENTRY--PERSONAL NAME
Personal name Bagchi, Sanjoy
245 ## - TITLE STATEMENT
Title International trade policy in textiles: fifty years of protectionism
Statement of responsibility, etc. by Sanjoy Bagchi
260 ## - PUBLICATION, DISTRIBUTION, ETC.
Place of publication, distribution, etc. Geneva
Name of publisher, distributor, etc. International Textiles and Clothing Bureau
Date of publication, distribution, etc. 2001
300 ## - PHYSICAL DESCRIPTION
Extent 350p.
650 ## - SUBJECT ADDED ENTRY--TOPICAL TERM
Topical term or geographic name entry element Textile fabrics - Law and legislation
650 ## - SUBJECT ADDED ENTRY--TOPICAL TERM
Topical term or geographic name entry element Textile industry
650 ## - SUBJECT ADDED ENTRY--TOPICAL TERM
Topical term or geographic name entry element International trade
Holdings
Withdrawn status Lost status Damaged status Not for loan Permanent Location Current Location Date acquired Full call number Barcode Date last seen Price effective from Koha item type
        Indian Institute of Public Administration Indian Institute of Public Administration 2018-08-04 T212 B146 GR16959 2018-08-04 2018-08-04 GR

Powered by Koha